00270nam a2200121Ia 4500008004100000100000900041245003000050260002600080300000800106650001000114942000700124999001700131190216s9999||||xx |||||||||||||| ||und|| aNull 0aHindi-Soundary Ki Regayem bPublications Division a245 aHindi cBK c15842d15842